| 000 | 00623nam a22002057a 4500 | ||
|---|---|---|---|
| 005 | 20140313092433.0 | ||
| 008 | 140313b xxu||||| |||| 00| 0 eng d | ||
| 020 | _a0072937300 | ||
| 080 | _a514.11 | ||
| 100 | _aSmith T. Robert | ||
| 245 |
_aCalculus/ _cRobert T.Smith , Roland B.Minton; |
||
| 250 | _a2 st.ed.; | ||
| 260 |
_aBoston, _bMcGraw Hill _c2002, |
||
| 300 |
_a[854] f.: _bme il.; _c26 cm, |
||
| 500 | _aPërfshin Bibliografin dhe indeksin f. [834]-850 | ||
| 650 | _aGjeometria elementare, Trigonomietria, Algjeber, | ||
| 650 | _aMatematikë, | ||
| 700 | _aMinton B. Roland | ||
| 942 |
_2udc _cBK |
||
| 999 |
_c423 _d423 |
||